| 000 | 01846nam0a2200349 i 4500 | ||
|---|---|---|---|
| 001 | RU\NLR\bibl\2073245 | ||
| 005 | 20260426063010.0 | ||
| 010 |
_a9785799609214 _9100 |
||
| 021 |
_aRU _b2013-61922 _94251 |
||
| 035 | _a(nilc)RuMoRGB-006627299 | ||
| 035 | _a(NLR Aleph) 002059352 | ||
| 090 |
_a4679336 _c4679336 |
||
| 100 | _a20130812d2013 u y0rusy50 ca | ||
| 101 | 0 | _arus | |
| 102 | _aRU | ||
| 105 | _ay ||||||||| | ||
| 200 | 1 |
_aБалльно-рейтинговая система оценки учебных достижений студентов _eметодическое обеспечение процесса обучения _fМ-во образования и науки Рос. Федерации, Ур. федер. ун-т им. первого Президента России Б.Н. Ельцина, [Ин-т социал. и полит. наук _gТ.Я. Андреева и др.] |
|
| 210 |
_aЕкатеринбург _cИзд-во Уральского университета _d2013 |
||
| 215 |
_a77 с. _d20 |
||
| 606 | 1 |
_aСтуденты _jУчебно-методическое пособие _xЗнания _xОценка _xРейтинговая система _92349569 _3RU\NLR\AUTH\661403814 |
|
| 686 | 1 | _aЧ481.28я7 | |
| 702 | 1 |
_aАндреева _bТ. Я. _gТамара Яковлевна _4220 |
|
| 712 | 0 | 2 |
_4570 _aУральский федеральный университет им. первого Президента России Б. Н. Ельцина _cЕкатеринбург _3RU\NLR\AUTH\8810168127 _9832088 |
| 801 | 0 |
_aRU _bRuMoRKP _c20130812 _gRCR |
|
| 801 | 2 |
_aRU _bРГБ _c20130813 |
|
| 801 | 1 |
_aRU _bRuMoRKP _c20130812 _2rusmarc |
|
| 801 | 2 |
_aRU _bNLR _c20130919 _grcr |
|
| 942 | _cBOOK | ||
| 980 | _aNBR | ||